Prechod na cloud computing

Problematika zvládnutia prechodu na cloud computing, otázky, ktoré treba riešiť a riziká, ktoré tieto činnosti prinášajú. Využívanie cloudových služieb on demand.

Salvato in:
Dettagli Bibliografici
Autore principale: Hamranová, Anna, 1957-
Natura: Capitolo di libro
Lingua:slovacco
Soggetti:
Tags: Aggiungi Tag
Nessun Tag, puoi essere il primo ad aggiungerne!!

MARC

LEADER 00000naa a2200000 4500
001 0190312
005 20240502073212.5
041 0 |a slo 
044 |a SK 
245 1 0 |a Prechod na cloud computing  |c Anna Hamranová 
520 |a Problematika zvládnutia prechodu na cloud computing, otázky, ktoré treba riešiť a riziká, ktoré tieto činnosti prinášajú. Využívanie cloudových služieb on demand. 
610 2 0 |a firmy 
610 2 0 |a technológie informačné 
610 2 0 |a cloud computing 
100 1 |a Hamranová, Anna, 1957-